Introduction to aberrations in optical imaging systems / (Record no. 20341)
[ view plain ]
| 000 -LEADER | |
|---|---|
| fixed length control field | 00846cam a22002535a 4500 |
| 001 - CONTROL NUMBER | |
| control field | 17449760 |
| 005 - DATE AND TIME OF LATEST TRANSACTION | |
| control field | 20160202134715.0 |
| 008 - FIXED-LENGTH DATA ELEMENTS--GENERAL INFORMATION | |
| fixed length control field | 120831s2013 enka b f001 0 eng d |
| 020 ## - INTERNATIONAL STANDARD BOOK NUMBER | |
| International Standard Book Number | 9781107006331 (hardback) |
| 040 ## - CATALOGING SOURCE | |
| Original cataloging agency | DLC |
| Transcribing agency | DLC |
| Modifying agency | DLC |
| -- | EG-ScBUE |
| Language of cataloging | eng |
| 082 04 - DEWEY DECIMAL CLASSIFICATION NUMBER | |
| Classification number | 621.367 |
| Edition number | 22 |
| Item number | SAS |
| 100 1# - MAIN ENTRY--PERSONAL NAME | |
| Personal name | Sasian, Jose M. |
| 9 (RLIN) | 39224 |
| 245 10 - TITLE STATEMENT | |
| Title | Introduction to aberrations in optical imaging systems / |
| Statement of responsibility, etc | Jose Sasian. |
| 260 ## - PUBLICATION, DISTRIBUTION, ETC. (IMPRINT) | |
| Place of publication, distribution, etc | Cambridge : |
| Name of publisher, distributor, etc | Cambridge University Press, |
| Date of publication, distribution, etc | 2013. |
| 300 ## - PHYSICAL DESCRIPTION | |
| Extent | xxi, 261 p. : |
| Other physical details | ill. ; |
| Dimensions | 25 cm. |
| 500 ## - GENERAL NOTE | |
| General note | Index : p. 258-261.<br/> |
| 504 ## - BIBLIOGRAPHY, ETC. NOTE | |
| Bibliography, etc | Includes bibliographical references. |
| 650 #7 - SUBJECT ADDED ENTRY--TOPICAL TERM | |
| Topical term or geographic name as entry element | Aberration. |
| Source of heading or term | BUEsh |
| 9 (RLIN) | 39225 |
| 650 #7 - SUBJECT ADDED ENTRY--TOPICAL TERM | |
| Topical term or geographic name as entry element | Imaging systems |
| General subdivision | Image quality |
| Source of heading or term | BUEsh |
| 9 (RLIN) | 39226 |
| 650 #7 - SUBJECT ADDED ENTRY--TOPICAL TERM | |
| Topical term or geographic name as entry element | Optical engineering. |
| Source of heading or term | BUEsh |
| 9 (RLIN) | 39227 |
| 651 ## - SUBJECT ADDED ENTRY--GEOGRAPHIC NAME | |
| Source of heading or term | BUEsh |
| 653 ## - INDEX TERM--UNCONTROLLED | |
| Resource For college | Informatics and Computer Science |
| Arrived date list | July2015 |
| -- | January2016 |
| 942 ## - ADDED ENTRY ELEMENTS (KOHA) | |
| Source of classification or shelving scheme | Dewey Decimal Classification |
| Withdrawn status | Lost status | Source of classification or shelving scheme | Damaged status | Not for loan | Home library | Current library | Shelving location | Date acquired | Source of acquisition | Total Checkouts | Full call number | Barcode | Date last seen | Koha item type |
|---|---|---|---|---|---|---|---|---|---|---|---|---|---|---|
| Dewey Decimal Classification | Central Library | Central Library | First floor | 09/07/2015 | Purchase | 621.367 SAS | 000039536 | 15/07/2025 | Book - Borrowing |